| 000 | 01326njm a22003137a 4500 | ||
|---|---|---|---|
| 005 | 20100922112017.0 | ||
| 007 | sd ammalaaahaa | ||
| 008 | 100918t xxu||||| |||| 00| 0 hin d | ||
| 028 |
_a2394 806 _bMUSIC INDIA |
||
| 028 |
_a2394 806 _bMUSIC INDIA |
||
| 028 |
_a2394 806 _bMUSIC INDIA |
||
| 035 | _aGR-07802 | ||
| 040 | _aSED/VEN | ||
| 100 |
_920657 _aJalota, Anoop |
||
| 245 |
_aBhajan Trishna (Part-1) _cby Anoop Jalota; Music by Jaidev; Lyric by Naqsh Layalpuri _h[sound recording] : _bHindi / |
||
| 246 | _aभजन तृष्णा (अनूप जलोटा) | ||
| 260 |
_aDum Dum, India _bMUSIC INDIA _cP-1984 |
||
| 300 |
_a1. sound disc [Gramophone Record] : _bAnalog, 331/3 rpm _c12 inch. (LP) _fGramophone Record |
||
| 500 | _aBrief Record | ||
| 500 | _aRecord Labels: MUSIC INDIA, Gray | ||
| 505 | _aभजन साइड-1; मैं नहीं माखन खायो (भजन तृष्णा) (अनूप जलोटा), भजन साइड-2; मैं लीनो गोविंद मोल (भाग-2) | ||
| 600 |
_aJalota, Anoop _920864 |
||
| 650 |
_vFilm Songs _xExcerpts _zIndia _920658 |
||
| 700 | _920659 | ||
| 700 | _920660 | ||
| 700 | _920674 | ||
| 942 |
_2ddc _cGR |
||
| 999 |
_c47401 _d47401 |
||